[Event "Santo Domingo op"]
[Site "Santo Domingo"]
[Date "2006.11.04"]
[Round "7"]
[White "Schaerer, Hanspeter"]
[Black "Carrion, Marcelo"]
[Result "1-0"]
[WhiteElo "2177"]
[BlackElo "2197"]
[PlyCount "91"]
[EventDate "2006.10.31"]
[EventType "swiss"]
[EventRounds "9"]
[EventCountry "DOM"]
[SourceTitle "EXT 2007"]
[Source "ChessBase"]
[SourceDate "2006.11.23"]
[SourceVersion "1"]
[SourceVersionDate "2006.11.23"]
[SourceQuality "1"]

1. c4 c5 2. Nf3 Nf6 3. g3 Nc6 4. Bg2 e6 5. 0-0 d5 6. cxd5 Nxd5 7. d4 Be7 8. Nc3 0-0 9. Nxd5 exd5 10. dxc5 Bxc5 11. a3 a5 12. Qc2 Be7 13. Be3 Bf6 14. Rfd1 h6 15. Nd4 Ne5 16. Qb3 Nc4 17. Bf4 a4 18. Qb4 Qa5 19. Qxa5 Rxa5 20. b4 axb3 21. Nxb3 Rb5 22. Nd4 Ra5 23. Nb3 Bxa1 24. Nxa5 Bf6 25. Rxd5 Be6 26. Nxc4 Bxd5 27. Bxd5 b5 28. Ne3 Be7 29. Bc6 Bxa3 30. Bxb5 Rc8 31. Kg2 Bc5 32. Nd5 Kf8 33. e4 Ra8 34. Be3 Bd6 35. Nb6 Ra5 36. Bc6 Ra6 37. Bb7 Ra1 38. Bd5 Rb1 39. Bc5 Bxc5 40. Nd7+ Ke7 41. Nxc5 Rb5 42. Nb3 f5 43. Nd4 Rc5 44. Nxf5+ Kf6 45. Ne3 Ke5 46. f4+ 1-0

[Event "Zuerich op 25th"]
[Site "Zuerich"]
[Date "2001.12.26"]
[Round "1"]
[White "Schaerer, Hanspeter"]
[Black "Rodic, Dragan"]
[Result "0-1"]
[WhiteElo "2215"]
[BlackElo "2216"]
[PlyCount "76"]
[EventDate "2001.12.26"]
[EventType "swiss"]
[EventRounds "7"]
[EventCountry "SUI"]
[SourceTitle "EXT 2003"]
[Source "ChessBase"]
[SourceDate "2002.11.25"]
[SourceVersion "1"]
[SourceVersionDate "2002.11.25"]
[SourceQuality "1"]

1. c4 e5 2. Nf3 d6 3. d4 e4 4. Ng5 f5 5. g3 Nc6 6. Nc3 Nf6 7. Nh3 d5 8. cxd5 Nxd5 9. Nxd5 Qxd5 10. e3 Bd6 11. Be2 Qf7 12. 0-0 0-0 13. b3 Kh8 14. f3 exf3 15. Rxf3 Qe7 16. Nf4 Bd7 17. Qf1 Nb4 18. Ba3 Nc2 19. Bxd6 cxd6 20. Qh3 Qe8 21. Rc1 Nxe3 22. Rf2 g5 23. Bh5 Qe7 24. Ng2 f4 25. g4 Nxg2 26. Qxg2 Bb5 27. Qf3 Rac8 28. Rd1 Rc7 29. a4 Ba6 30. b4 Bc4 31. d5 Qe5 32. h4 gxh4 33. Kh2 b5 34. axb5 Bxb5 35. Rfd2 Rc3 36. Qf2 f3+ 37. Kh3 Qg3+ 38. Qxg3 hxg3 0-1

[Event "Lenk op"]
[Site "Lenk"]
[Date "1991.??.??"]
[Round "2"]
[White "Haeberli, Juerg"]
[Black "Schaerer, Hanspeter"]
[Result "0-1"]
[WhiteElo "2025"]
[BlackElo "2150"]
[PlyCount "62"]
[EventDate "1991.??.??"]
[EventType "swiss"]
[EventRounds "9"]
[EventCountry "SUI"]
[SourceTitle "TD"]
[Source "ChessBase"]
[SourceDate "1994.03.01"]
[SourceVersion "1"]
[SourceVersionDate "1994.03.01"]
[SourceQuality "1"]

1. d4 d5 2. Bg5 Nd7 3. e3 Ngf6 4. f4 e6 5. Bd3 Be7 6. Nd2 c5 7. c3 b6 8. Ngf3 Bb7 9. 0-0 Ng4 10. Bxe7 Qxe7 11. Qe2 f5 12. Ne5 Ndxe5 13. fxe5 0-0 14. h3 Nh6 15. Qh5 Bc6 16. Nf3 Nf7 17. Nh2 Be8 18. Qe2 Ng5 19. Rf4 Ne4 20. Bxe4 dxe4 21. g4 Bg6 22. Nf1 Qg5 23. Kh2 h5 24. gxh5 Bxh5 25. Qc4 Qh6 26. Nd2 Bg4 27. Qf1 cxd4 28. cxd4 Rac8 29. Kg3 g5 30. Rf2 Qh4+ 31. Kh2 Bxh3 0-1

[Event "Brocco op"]
[Site "Brocco"]
[Date "1991.??.??"]
[Round "2"]
[White "Van der Sterren, Paul"]
[Black "Schaerer, Hanspeter"]
[Result "1-0"]
[WhiteElo "2475"]
[BlackElo "2215"]
[PlyCount "55"]
[EventDate "1991.??.??"]
[EventType "swiss"]
[EventRounds "9"]
[EventCountry "SUI"]
[SourceTitle "EXT 1997"]
[Source "ChessBase"]
[SourceDate "1996.11.15"]
[SourceVersion "1"]
[SourceVersionDate "1996.11.15"]
[SourceQuality "1"]

1. d4 d5 2. c4 e6 3. Nc3 Nf6 4. cxd5 exd5 5. Bg5 Nbd7 6. e3 c6 7. Bd3 Be7 8. Nge2 Nf8 9. 0-0 Ne6 10. Bxf6 Bxf6 11. b4 0-0 12. Rb1 g6 13. Qd2 h5 14. b5 c5 15. dxc5 Nxc5 16. Bc2 Qa5 17. Rfd1 Bg7 18. Qxd5 Qa3 19. Qc4 Be6 20. Nd5 Nd7 21. Nef4 Rac8 22. Qb3 Qxb3 23. Bxb3 Bxd5 24. Bxd5 Ne5 25. Bxb7 Rc7 26. Bd5 Ng4 27. Bb3 Rc3 28. Nxg6 1-0